LEADER 02348nam 2200469 450 001 000014380 005 20050718115500.0 010 $a3-540-12321-0 100 $a20030619d1983----km-y0itay0103----ba 101 0 $aeng 102 $aDE 200 1 $aRecent developments in the algebraic, analytical, and topological theory of semigroups$eproceedings of a Conference held at Oberwolfach, Germany, May 24-30, 1981$fedited by K. H. Hofmann, H. Jurgensen, H. J. Weinert 210 $aBerlin [etc.]$cSpringer$d1983 215 $aVI, 486 p.$d25 cm. 225 2 $aLecture notes in mathematics$v998 410 0$12001$aLecture notes in mathematics 606 $aGruppi (Matematica)$xTeoria$xCongressi 676 $a512.2$v(21. ed.)$9Algebra, teoria dei numeri. Gruppi e teoria dei gruppi 691 $a20Mxx$9Group theory and generalizations. Semigroups 691 $a16-XX$9Associative rings and algebras 691 $a22A15$9Topological groups, Lie groups. Topological and differentiable algebraic systems. Structure of topological semigroups 691 $a22A20$9Topological groups, Lie groups. Topological and differentiable algebraic systems. Analysis on topological semigroups 691 $a22A25$9Topological groups, Lie groups. Topological and differentiable algebraic systems. Representations of general topological groups and semigroups 691 $a22A26$9Topological groups, Lie groups. Topological and differentiable algebraic systems. Topological semilattices, lattices and applications 691 $a22E99$9Topological groups, Lie groups. Lie groups 702 1$aHofmann,$bKarl Heinrich 702 1$aJurgensen,$bHelmut 702 1$aWeinert,$bHanns Joachim 801 0$aIT$bUniversità della Basilicata - B.I.A.$gRICA$2unimarc 912 $a000014380 996 $aRecent developments in the algebraic, analytical, and topological theory of semigroups$979948 997 $aUNIBAS BAS $aMONSCI BAS $aSCIENZE CAT $aEXT002$b01$c20030619$lBAS01$h1651 CAT $c20050601$lBAS01$h1755 CAT $abatch$b01$c20050718$lBAS01$h1052 CAT $c20050718$lBAS01$h1111 CAT $c20050718$lBAS01$h1141 CAT $c20050718$lBAS01$h1155 FMT Z30 -1$lBAS01$LBAS01$mBOOK$1BASA2$APolo Tecnico-Scientifico$2GEN$BCollezione generale$3MAT$632201$5S32201$820030619$f51$FRiservati LEADER 01312nam 2200421 450 001 9910158643903321 005 20230810001622.0 010 $a1-5081-7251-X 035 $a(CKB)3710000001010046 035 $a(MiAaPQ)EBC5384555 035 $a(EXLCZ)993710000001010046 100 $a20180711d2017 ay 0 101 0 $aeng 135 $aurcnu|||||||| 181 $ctxt$2rdacontent 182 $cc$2rdamedia 183 $acr$2rdacarrier 200 10$aHatshepsut /$fMargaux Baum and Susanna Thomas 210 1$aNew York, New York :$cRosen Publishing,$d2017. 215 $a1 online resource (114 pages) 225 1 $aLeaders of the ancient world 311 $a1-5081-7250-1 320 $aIncludes bibliographical references and index. 410 0$aLeaders of the ancient world. 606 $aPharaohs$vBiography$vJuvenile literature 607 $aEgypt$xHistory$yEighteenth dynasty, ca. 1570-1320 B.C$vJuvenile literature 607 $aEgypt$xKings and rulers$vBiography$vJuvenile literature 615 0$aPharaohs 676 $a932/.014092 700 $aBaum$b Margaux$01246102 702 $aThomas$b Susanna$f1966- 801 0$bMiAaPQ 801 1$bMiAaPQ 801 2$bMiAaPQ 906 $aBOOK 912 $a9910158643903321 996 $aHatshepsut$92893275 997 $aUNINA